000 01523nam a2200217Ia 4500
003 Ost
005 20260507075118.0
008 260507s9999||||xx |||||||||||||| ||und||
040 _cfsecg
041 _aara
082 _a330
100 _aحشيش، عادل أحمد
_eمؤلف
245 0 _aأصول الإقتصاد السياسي :
_bدراسة تحليلية مقارنة /
_c عادل أحمد حشيش
260 _aالإسكندرية:
_bدار الجامعة الجديدة للنشر,
_c2003
300 _a701 صفحة؛
_bإيضاحات ؛
_c25 سم
520 _aمفاهيم ومرتكزات أساسية- التعريف بالإقتصاد السياسي- مفهوم المشكلة الإقتصادية للمجتمعات الإنسانية- مقومات حل المشكلة الإقتصادية والطبيعية- النطاق الموضوعي للإقتصاد السياسي- المعارف والقوانين الإقتصادية اللأزمة- المشروع الإقتصادي أو الوحدة المنتجة- عناصر الإنتاج المتطلبة لقيام المشروع الإقتصادي- المشكلة الإقتصادية وكيفية حل المجتمعات الرأسمالية والإشتراكية- المشكلات والإتجاهات الواقعية لتطور الرأسمالية كنظام إقتصادي
653 _aالإقتصاد السياسي
653 _aالإقتصاد- السياسة
653 _aالسياسة الإقتصادية
942 _cكتاب
999 _c43043
_d43043